[Event "GER-ch Net Amateur Gr-B Vor2"]
[Site "Playchess.com INT"]
[Date "2020.04.15"]
[Round "1"]
[White "Linn, Thorsten"]
[Black "Oddey, Dieter"]
[Result "1/2-1/2"]
[WhiteElo "1648"]
[BlackElo "1446"]
[PlyCount "121"]
[EventDate "2020.04.15"]
[EventType "swiss (blitz)"]
[EventRounds "9"]
[EventCountry "GER"]
[SourceTitle "CBM 196 Extra"]
[Source "ChessBase"]
[SourceDate "2020.07.31"]
[SourceVersion "1"]
[SourceVersionDate "2020.07.31"]
[SourceQuality "1"]

1. Nf3 g6 2. d4 c5 3. c3 cxd4 4. cxd4 Bg7 5. Nc3 d6 6. Bg5 Nf6 7. e3 a6 8. Bd3 0-0 9. 0-0 b5 10. a3 Bb7 11. b4 Nbd7 12. Rc1 Rc8 13. Qe2 Qb6 14. Qb2 Rfe8 15. Ne2 Ne4 16. Bxe4 Bxe4 17. Ng3 f6 18. Nxe4 fxg5 19. Nexg5 e5 20. Rxc8 Rxc8 21. Ne6 Bf6 22. Qb3 Kh8 23. Neg5 Rf8 24. Ne4 exd4 25. Nxf6 Nxf6 26. Nxd4 d5 27. Rc1 Ne4 28. Nf3 Qe6 29. Qd3 Qf5 30. Rd1 Rd8 31. Qd4+ Qf6 32. Qxf6+ Nxf6 33. Ne5 Kg7 34. Rc1 Ne4 35. f3 Nd2 36. Rc2 Nc4 37. Nxc4 dxc4 38. Rc3 Kf6 39. Kf2 Ke5 40. g4 g5 41. Ke2 h6 42. h3 Rh8 43. Rc2 h5 44. Rc1 hxg4 45. hxg4 Rh2+ 46. Kd1 Rf2 47. f4+ gxf4 48. exf4+ Kxf4 49. Ke1 Ra2 50. Rc3 Kxg4 51. Kf1 Kf4 52. Ke1 Ke4 53. Kf1 Kd4 54. Rh3 Ra1+ 55. Ke2 Rg1 56. Kd2 Rg2+ 57. Kc1 Rg1+ 58. Kc2 Rg2+ 59. Kc1 Rg1+ 60. Kb2 Rg2+ 61. Kc1 1/2-1/2